Attracting private investment putting the policy frameworks in place: experiences from Slovenia and South East Europe

Salvato in:
Dettagli Bibliografici
Natura: Libro
Lingua:inglese
Pubblicazione: [S.l.] <The> Investment Compact for South East Europe 2002
Soggetti:
Tags: Aggiungi Tag
Nessun Tag, puoi essere il primo ad aggiungerne!!

MARC

LEADER 00000nam a2200000 4500
001 c143242
005 20221124094343.2
041 0 |a eng 
044 |a FR 
245 1 0 |a Attracting private investment  |b putting the policy frameworks in place: experiences from Slovenia and South East Europe 
264 1 |a [S.l.]  |b <The> Investment Compact for South East Europe  |c 2002 
300 |a 142 s. 
610 2 0 |a investície 
610 2 0 |a investície súkromné 
610 2 0 |a tvorba kapitálu 
610 2 0 |a Európa 
610 2 0 |a Slovinsko 
610 2 0 |a investície zo zahraničia 
610 2 0 |a politika zahraničnohospodárska 
610 2 0 |a investovanie 
610 2 0 |a investori 
610 2 0 |a obchod zahraničný 
610 2 0 |a investície priame zahraničné 
610 2 0 |a Juhoslávia 
610 2 0 |a porovnanie medzinárodné 
610 2 0 |a Albánsko 
610 2 0 |a Chorvátsko 
610 2 0 |a Bosna a Hercegovina 
610 2 0 |a Macedónsko 
610 2 0 |a Bulharsko 
610 2 0 |a Moldavsko